Sierras y serranías de Colombia (Registro nro. 1760)

Detalles MARC
000 -CABECERA
Campo de control 01531nam a2200397 a 4500
005 - FECHA Y HORA DE LA ULTIMA TRANSACCION
Campo de control 20180803164931.0
008 - ELEMENTOS DE LONGITUD FIJA—INFORMACION GENERAL
Campo de control 140221b1999 ck ||||| |||| 00| 0 spa d
020 ## - ISBN
ISBN 9589550428
040 ## - FUENTE DE CATALOGACIÓN
Agencia catalogadora original CO-BoIAVH
Agencia transcriptora CO-BoIAVH
041 ## - IDIOMA
Código de idioma para texto/pista de sonido o título separado Español
044 ## - PAÍS DE PUBLICACIÓN
País de publicación Colombia
082 ## - NUMERO DE CLASIFICACION DECIMAL DEWEY
Número de clasificación 508.866
Número del ítem C34s
090 ## - CLASIFICACIÓN LOCAL
Colección LB
Consecutivo 0052D
100 1# - ASIENTO PRINCIPAL--NOMBRE PERSONAL
Nombre personal Castaño Uribe, Carlos
9 (RLIN) 92213
245 1# - MENCION DE TITULO
Título Sierras y serranías de Colombia
260 ## - PUBLICACION, DISTRIBUCION, ETC. (PIE DE IMPRENTA)
Lugar de publicación, distribución, etc. Santiago de Cali (Colombia):
Nombre del editor, distribuidor, etc. Banco de Occidente,
Fecha de publicación, distribución, etc. 1999.
300 ## - DESCRIPCION FISICA
Extensión 205 páginas
Otros detalles físicos ilustraciones y fotografías a color
Dimensiones 34 cm.
504 ## - NOTA DE BIBLIOGRAFIA, ETC.
Nota de bibliografía Incluye referencias bibliográficas (Página 205).
650 #6 - ASIENTO SECUNDARIO DE MATERIA - TERMINO TEMATICO
Término temático o nombre geográfico como elemento de entrada Sistemas montañosos periféricos
Subdivisión geográfica Colombia
9 (RLIN) 38371
650 #6 - ASIENTO SECUNDARIO DE MATERIA - TERMINO TEMATICO
Término temático o nombre geográfico como elemento de entrada Ecosistemas de montaña
Subdivisión geográfica Colombia
9 (RLIN) 38372
650 #6 - ASIENTO SECUNDARIO DE MATERIA - TERMINO TEMATICO
Término temático o nombre geográfico como elemento de entrada Geología
Subdivisión geográfica Colombia
9 (RLIN) 38373
650 #6 - ASIENTO SECUNDARIO DE MATERIA - TERMINO TEMATICO
Término temático o nombre geográfico como elemento de entrada Flora
Subdivisión geográfica Colombia
9 (RLIN) 38374
650 #6 - ASIENTO SECUNDARIO DE MATERIA - TERMINO TEMATICO
Término temático o nombre geográfico como elemento de entrada Fauna
Subdivisión geográfica Colombia
9 (RLIN) 38375
662 ## - ASIENTO SECUNDARIO DE MATERIA - JERARQUIA DEL NOMBRE DE LUGAR(
País o entidad mayor Colombia
Jurisdicción política intermedia Serranía de Chiribiquete
Jurisdicción política de primer orden Caquetá y Guaviare
662 ## - ASIENTO SECUNDARIO DE MATERIA - JERARQUIA DEL NOMBRE DE LUGAR(
País o entidad mayor Colombia
Jurisdicción política intermedia Serranía de la Macarena
Jurisdicción política de primer orden Meta
662 ## - ASIENTO SECUNDARIO DE MATERIA - JERARQUIA DEL NOMBRE DE LUGAR(
País o entidad mayor Colombia
Jurisdicción política intermedia Serranía de Naquén
Jurisdicción política de primer orden Guainía
662 ## - ASIENTO SECUNDARIO DE MATERIA - JERARQUIA DEL NOMBRE DE LUGAR(
País o entidad mayor Colombia
Jurisdicción política intermedia Sierra Nevada de Santa Marta
Jurisdicción política de primer orden Cesar, Guajira y Magdalena
662 ## - ASIENTO SECUNDARIO DE MATERIA - JERARQUIA DEL NOMBRE DE LUGAR(
País o entidad mayor Colombia
Jurisdicción política intermedia Serranía de Macuira
Jurisdicción política de primer orden Guajira
662 ## - ASIENTO SECUNDARIO DE MATERIA - JERARQUIA DEL NOMBRE DE LUGAR(
País o entidad mayor Colombia
Jurisdicción política intermedia Serranía de San Jacinto
Jurisdicción política de primer orden Sucre y Bolívar
662 ## - ASIENTO SECUNDARIO DE MATERIA - JERARQUIA DEL NOMBRE DE LUGAR(
País o entidad mayor Colombia
Jurisdicción política intermedia Serranía de Perijá
Jurisdicción política de primer orden Cesar
662 ## - ASIENTO SECUNDARIO DE MATERIA - JERARQUIA DEL NOMBRE DE LUGAR(
País o entidad mayor Colombia
Jurisdicción política intermedia Serranía del Darién
Jurisdicción política de primer orden Chocó
662 ## - ASIENTO SECUNDARIO DE MATERIA - JERARQUIA DEL NOMBRE DE LUGAR(
País o entidad mayor Colombia
Jurisdicción política intermedia Serranía de San Lucas
Jurisdicción política de primer orden Bolívar
700 1# - ASIENTO SECUNDARIO - NOMBRE PERSONAL
Nombre personal Gómez Durán, Camilo
9 (RLIN) 8170
700 1# - ASIENTO SECUNDARIO - NOMBRE PERSONAL
Nombre personal Hurtado García, Andrés
9 (RLIN) 8180
942 ## - ELEMENTOS ADICIONALES (KOHA)
Tipo de ítem Libro
Sistema de clasificación Dewey Decimal Classification
Existencias
Withdrawn status Lost status Sistema de Clasificación Damaged status No para préstamo Colección Inventariado Ubicación Permanente Ubicación actual Fecha de adquisición Valor Total Checkouts Total Renewals Número topográfico Inventario / Código de Barras Date last seen Date checked out Ejemplar Price effective from Forma de adquisición Tipo de material
    Dewey Decimal Classification     General Inventariado 2017 Bogotá Bogotá 04/12/2012 39000.00 4 3 LB-508.866 C34s 000086 28/06/2024 21/02/2024 Ej. 1 04/12/2012   Libro